000 00563nam a2200205 a 4500
999 _c4376
_d4376
001 4376
003 BD-JhCC
005 20171126193100.0
008 171126b xxu||||| |||| 00| 0 eng d
035 _a(BD-JhCC)4376
040 _aBD-JhCC
_dBD-JhCC
041 _aben
082 _a891.4409
_bKYK 1376
245 _aশিব মন্দির
_cকায়কোবাদ
260 _aঢাকা :
_bজীবন্ত মন্বির
_c১৩৭৬.
300 _a303 p. :
_c21 cm.
650 _abengali Literature
942 _2ddc
_cBK